000 00390cam a22001575a 4500
001 J100769
008 000000s1914 xxk 000 0 eng u
035 _a(Sirsi) u100769
110 _aSurveyors' Institution
_93783
245 _aNotes on the Land Enquiry report. January 1914.
260 _c1914
300 _a21p.
651 4 _aUnited Kingdom
_y
690 _aRural
_96268
942 _n0
999 _c99818
_d99818